Samajik kalyan. (Record no. 1232)

MARC details
000 -LEADER
fixed length control field 00463cam a2200193ua 4500
001 - CONTROL NUMBER
control field 1333
005 - DATE AND TIME OF LATEST TRANSACTION
control field 20260515113322.0
008 - FIXED-LENGTH DATA ELEMENTS--GENERAL INFORMATION
fixed length control field 110702n ii |||gr||||Z||||||asm
040 ## - CATALOGING SOURCE
Transcribing agency MAIN
082 ## - DEWEY DECIMAL CLASSIFICATION NUMBER
Classification number 361
100 1# - MAIN ENTRY--PERSONAL NAME
Personal name Saikia, Jyotiprasad.,
245 1# - TITLE STATEMENT
Title Samajik kalyan.
Statement of responsibility, etc. By Jyotiprasad saikia.
250 ## - EDITION STATEMENT
Edition statement 1st.
260 ## - PUBLICATION, DISTRIBUTION, ETC.
Place of publication, distribution, etc. Dibrugarh.:
Name of publisher, distributor, etc. Banalata.,
Date of publication, distribution, etc. 2005.
300 ## - PHYSICAL DESCRIPTION
Extent 220 p.:
Dimensions 20 cm.
653 ## - INDEX TERM--UNCONTROLLED
Uncontrolled term Sociology.
653 ## - INDEX TERM--UNCONTROLLED
Uncontrolled term Samajik Kalyan.
942 ## - ADDED ENTRY ELEMENTS (KOHA)
Koha item type Books
Holdings
Withdrawn status Lost status Damaged status Not for loan Home library Current library Shelving location Date acquired Total checkouts Full call number Barcode Date last seen Date last checked out Copy number Price effective from Koha item type
        Naharkatiya College Library Naharkatiya College Library General stacks 09/19/2020 1 361 | SAI 19020 01/27/2021 12/18/2020 1 09/19/2020 Books